000
00202 a2200097 4500
001
3852
100
_a
Lange, N.A
245
_a
Hand book of chemistry
260
_a
_b
Mcgrawhill
_c
090
_c
3083
_d
3083
942
_a
NUST-CAE
_c
M
_c
23147
999
_c
238925
_d
238925